| 000 | 01808nam a22002417a 4500 | ||
|---|---|---|---|
| 003 | AM-YEHGA | ||
| 005 | 20260409152704.0 | ||
| 008 | 260205s1905 ru |||gr|||| 00||1 arm d | ||
| 040 | _aAM-YEHGA | ||
| 041 | 0 | _aarm | |
| 100 | 1 |
_aԱրամյան, Հմայակ Հայրապետի, _d1878-1919 _9770 |
|
| 245 | 1 | 0 |
_aԱրամը : _b(Գծեր հայ-քրդական կեանքէն) / _cՄ.Տ. Շւոտ. |
| 250 | _aԲ. տպագրութիւն | ||
| 260 |
_aՍ.-Պետերբուրգ : _b«տպ. Պուշկինեան», _c1905. |
||
| 300 |
_a(6 գիրք մեկ կազմի մեջ) ; 90 էջ ; _c17 սմ. |
||
| 500 | _aԱլիգ 3 | ||
| 501 | _aՄեկ կազմի մեջ՝ Հնչակ : (Զատկական նւԷր Տ-ցի գաղթականներին) / Մ.Տ. Շւոտ։ Ս.-Պետերբուրգ: տպ. Պուշկինեան։ 1905։ - Սլիգ 1 ; Քիւրտ Պէկ : Գծեր հայ-քրդական կեանքէն / Մ.Տ. Շւոտ։ Ս.-Պետերբուրգ: «Պուշկինյան արագատիպ» Տպարան։ 1904։ - Սլիգ 2 ; Քիւրտ Պէկ : Անաստուածները ։ Գծեր հայ-քրդական կեանքէն (Գ․ հատորիկ) / Մ.Տ. Շւոտ։ Բարիզ: Ա. հ.։ 1903։ - Ալիգ 4 ; Մերձեցում : Անուրջներ / Մ.Տ. Շւոտ։ Բարիզ: Ա. հ.։ 1903։ - Ալիգ 5 ; Քրդերը Տաճկայ-Հայաստանում : Ազգագրական նիւթեր (Հատոր Ա․) / Մ.Տ. Շւոտ։ Ս․ Պետերբուրգ: Պուշկինեան Տպարան։ 1905։ - Ալիգ 6 | ||
| 650 | 1 | 4 |
_aՀայ գրականություն _xՊատմվածք |
| 651 | 4 |
_aՍանկտ Պետերբուրգ _98369 |
|
| 651 | 4 | _aՌուսաստան | |
| 856 | 4 | 1 |
_uhttp://greenstone.flib.sci.am/gsdl/collect/hajgirqn/book/aram.pdf _yԿարդալ առցանց |
| 942 |
_2udc _cBK _n0 |
||
| 999 |
_c540599 _d540599 |
||